Corrosion science and technology
The authors discuss the nature of metallic structures and measures that can be taken to arrest or suppress the degradation of engineering metals. Topics include the use of protective coatings; attributes and corrosion behavior of plain carbon steels and irons, stainless steels, and aluminum alloys;...
Sparad:
| Huvudupphovsman: | |
|---|---|
| Materialtyp: | Bok |
| Språk: | Undetermined |
| Publicerad: |
Boca Raton
CRC Press
2007
|
| Ämnen: | |
| Taggar: |
Lägg till en tagg
Inga taggar, Lägg till första taggen!
|
| Thư viện lưu trữ: | Trung tâm Học liệu Trường Đại học Cần Thơ |
|---|
| LEADER | 01041nam a2200205Ia 4500 | ||
|---|---|---|---|
| 001 | CTU_134417 | ||
| 008 | 210402s9999 xx 000 0 und d | ||
| 020 | |c 1813000 | ||
| 082 | |a 620.11223 | ||
| 082 | |b T138 | ||
| 100 | |a Talbot, David E. J. | ||
| 245 | 0 | |a Corrosion science and technology | |
| 245 | 0 | |c David E.J. Talbot, James D.R. Talbot | |
| 260 | |a Boca Raton | ||
| 260 | |b CRC Press | ||
| 260 | |c 2007 | ||
| 520 | |a The authors discuss the nature of metallic structures and measures that can be taken to arrest or suppress the degradation of engineering metals. Topics include the use of protective coatings; attributes and corrosion behavior of plain carbon steels and irons, stainless steels, and aluminum alloys; and practical implications for such total technologies as aviation, automobile manufacture, food handling, and building construction. | ||
| 650 | |a Corrosion and anti-corrosives,Kỹ nghệ cơ học và vật liệu | ||
| 904 | |i Trọng Hải | ||
| 980 | |a Trung tâm Học liệu Trường Đại học Cần Thơ | ||